000 00522nam a2200181 i 4500
001 73366
003 ES-MaACL
005 20230906171757.0
007 t|
008 041005s1920 fr ||||1| fre d
100 1 _aLoti, Pierre.
_974298
245 1 4 _aLes désenchantées
_b: roman des harems turcs contemporains /
_cPierre Loti.
250 _a329e éd.
260 _aParis :
_bCalmann-Lévy,
_c[1920]
300 _a434 p. :
_bretr. ;
_c18 cm.
500 _aLa h. de lám. retr. de autor.
852 _aES-MaACL
_jG-8536
999 _c73366
_d73366